000 01528cam a22003977a 4500
003 CHAP
005 20220329140622.0
008 971013s1975 r 00010 d
010 _a54834
011 _a55806
035 _a59959
040 _cCHAP
082 _a636.08
_bW55iY 1971
100 0 0 _aWilliamson, G.
_9122119
245 1 3 _aLa ganadería en regiones tropicales
260 _aMadrid :
_bBlume,
_c1975
300 _a468 p.
_b: ilus. ; láms
490 0 _aColección Agricultura tropical
590 _aBATCH-UPD
_b10
_c20130110
_lUCH01
_h0045
590 _aBATCH-UPD
_b10
_c20130110
_lUCH01
_h0458
590 _aBATCH-UPD
_b10
_c20130409
_lUCH01
_h2030
590 _aBATCH-UPD
_b10
_c20130410
_lUCH01
_h0911
590 _aBATCH-UPD
_b10
_c20130914
_lUCH01
_h1002
590 _aCONVERSION
_b10
_c20130109
_lUCH01
_h1330
650 1 4 _aGanadería
_xTrópicos.
_944856
700 0 _aPayne, W.J.A.
_986332
830 0 _aColección Agricultura tropical
_924683
901 _aBK
942 _cLIBRO
949 _a636.08 W55iY 1971
_bBC
_cLIBRO
_d33724000269494
_eLIBRO
_h35605
_i59959
_si
949 _a636.08 W55iY 1971
_bBC
_cLIBRO
_d33724000269502
_eLIBRO
_fc.2
_h35602
_i59959
_si
949 _a636.08 W55iY 1971
_bBC
_cLIBRO
_d33724000269510
_eLIBRO
_fc.3
_h35603
_i59959
_si
949 _a636.08 W55iY 1971
_bBC
_cLIBRO
_d33724000269528
_eLIBRO
_fc.4
_h35601
_i59959
_si
949 _a636.08 W55iY 1971
_bBC
_cLIBRO
_d33724000269536
_eLIBRO
_fc.5
_h35604
_i59959
_si
949 _a636.08 W55iY 1971
_bBC
_cLIBRO
_d33724000269544
_eLIBRO
_fc.7
_h39249
_i59959
_si
999 _c54834
_d54834